000 00922cam1a220028900 4500
001 lce00375724
008 771124s1976 onc 000 0 eng d
010 _acn 78004279
015 _aC780042794
020 _c
_2.95
035 _a(Sirsi) r16561
035 _a(DLC)cn 78004279
035 _a(UPRA)lce00375724
037 _bHouse of Exile, 20 Dale Ave., Toronto, Ont. M4W 1K4
040 _aCaOONL
_beng
_cCaOONL
055 0 2 _aPS8505*
082 _aC812/.5/2
100 1 _aCallaghan, Morley, 1903-
_dCallaghan, Morley, 1903-
_6A63050.1
245 1 0 _aSeason of the witch /
_cMorley Callaghan.
260 _aToronto :
_bHouse of Exile,
_c1976.
490 0 _x0380-6596
_6S11697.1
500 _a"Appeared in different form in Exile, Volume 2, Number 3/4, 1975".--p. [2].
500 _aA play.
700 0 _aExile.
_6A74043.1
949 _aPR9199.3.A14
_wlcc
_i33729000406426
_mMAIN
_tBOOK
_lON-SHELF
004 16561
999 _c159050
_d159050